| 000 -CABECERA |
| Longitud fija campo de control |
00673nam a2200193 a 4500 |
| 001 - NÚMERO DE CONTROL |
| Número de control |
5772 |
| 003 - IDENTIFICADOR DEL NÚMERO DE CONTROL |
| Identificador del número de control |
CDMR |
| 005 - FECHA Y HORA DE LA ÚLTIMA TRANSACCIÓN |
| Fecha y hora de la última transacción |
20131111114630.0 |
| 008 - CÓDIGOS DE INFORMACIÓN DE LONGITUD FIJA |
| Códigos de información de longitud fija |
130130s1984||||||||||||||||||||||||||||d |
| 040 ## - FUENTE DE LA CATALOGACIÓN |
| Centro catalogador de origen |
CDMR |
| Lengua de catalogación |
cat |
| Centro transcriptor |
CDMR |
| 245 #0 - MENCIÓN DE TÍTULO |
| Título |
Venti anni esami |
| Resto del título |
43 Sessioni di idoneità professionale: (25 novembre 1965 - 12 aprile 1984) |
| Mención de responsabilidad, etc. |
Ordine dei Giornalisti. Consiglio Nazionali ; a cura di Gianni Faustini |
| 260 ## - PUBLICACIÓN, DISTRIBUCIÓN, ETC. (PIE DE IMPRENTA) |
| Lugar de publicación, distribución, etc. |
Napoli |
| Nombre del editor, distribuidor, etc. |
Irace Print |
| Fecha de publicación, distribución, etc. |
[1984] |
| 300 ## - DESCRIPCIÓN FÍSICA |
| Extensión |
246 p. |
| Otras características físicas |
gràf. |
| 650 04 - PUNTO DE ACCESO ADICIONAL DE MATERIA - TÉRMINO DE MATERIA |
| 9 (RLIN) |
4108 |
| Término de materia o nombre geográfico como elemento inicial |
Periodisme |
| Subdivisión geográfica |
Itàlia |
| 650 04 - PUNTO DE ACCESO ADICIONAL DE MATERIA - TÉRMINO DE MATERIA |
| 9 (RLIN) |
3782 |
| Término de materia o nombre geográfico como elemento inicial |
Periodistes |
| Subdivisión de materia general |
Pràctica professional |
| 700 1# - PUNTO DE ACCESO ADICIONAL - NOMBRE DE PERSONA |
| 9 (RLIN) |
4322 |
| Nombre de persona |
Faustini, Gianni |
| Término indicativo de función |
ed. |
| 710 2# - PUNTO DE ACCESO ADICIONAL - NOMBRE DE ENTIDAD |
| 9 (RLIN) |
4320 |
| Nombre de entidad o nombre de jurisdicción como elemento inicial |
Ordine dei Giornalisti |
| 942 ## - ENTRADA DE ELEMENTOS AGREGADOS (KOHA) |
| Koha [por defecto] tipo de item |
Monografies |
| Fuente de clasificaión o esquema |
|